|
|
|
|
| LEADER |
00000nab a2200000 a 4500 |
| 001 |
vtls009006906 |
| 003 |
SK-MaSNL |
| 005 |
20260303044420.0 |
| 008 |
150420|2004 xo u|me|||||||00 ||slo |
| 015 |
|
|
|a SNBRA2007/07
|
| 038 |
|
|
|a SNKBUCL
|
| 040 |
|
|
|a SNKBUCL
|b slo
|c SNKBUCL
|e AACR2
|
| 041 |
0 |
|
|a slo
|b eng
|
| 044 |
|
|
|a xo
|c SK
|
| 080 |
|
|
|a 265.5
|2 1997
|
| 100 |
1 |
|
|a Kútny, Ivan,
|d 1955-
|4 aut
|9 100870
|
| 245 |
1 |
0 |
|a Symbióza manželskej lásky, vyjadrená túžbou po cieli vzťahom
|b niekoľko poznámok v kontexte magistéria od druhej polovice 20. storočia
|c Ivan Kútny
|
| 504 |
|
|
|a Bibliogr. odkazy
|
| 546 |
|
|
|a Res. angl.
|
| 650 |
0 |
7 |
|a manželstvo
|2 SNKPH
|9 659
|
| 650 |
0 |
7 |
|a láska
|2 SNKPH
|9 4351
|
| 773 |
0 |
|
|t Studia Aloisiana. Ročenka Teologickej fakulty Trnavskej univerzity 2004
|d Bratislava : Trnavská univerzita - Teologická fakulta, 2004
|g S. 163-172
|z 8071414670
|
| 852 |
|
|
|a SNK
|b KIS3GCP
|
| 958 |
|
|
|a SK
|
| 958 |
|
|
|a NB
|
| 958 |
|
|
|a NT
|
| 999 |
|
|
|c 1700290
|d 1702220
|